ბათუმის შოთა რუსთაველის სახელმწიფო უნივერსიტეტის ბიბლიოთეკა

Таможенное право : (ბიბ.ჩანაწერი № 36111)

000 -LEADER
fixed length control field 00674nam a2200217Ia 4500
001 - CONTROL NUMBER
control field 2011
003 - CONTROL NUMBER IDENTIFIER
control field GE_BSU
005 - DATE AND TIME OF LATEST TRANSACTION
control field 20221010165801.0
008 - FIXED-LENGTH DATA ELEMENTS--GENERAL INFORMATION
fixed length control field 181216s2007ru xx |||||||||||||| ||rus||
040 ## - CATALOGING SOURCE
Transcribing agency GE_BSU
041 ## - LANGUAGE CODE
Language code of text/sound track or separate title rus
080 ## - UNIVERSAL DECIMAL CLASSIFICATION NUMBER
Universal Decimal Classification number 339.543(075.8):34(075.8) Б-42
100 ## - MAIN ENTRY--PERSONAL NAME
Personal name Бекяшев,К.А.
9 (RLIN) 15194
245 ## - TITLE STATEMENT
Title Таможенное право :
Remainder of title Учебник /
Statement of responsibility, etc. К.А. Бекяшев.
250 ## - EDITION STATEMENT
Edition statement 2-е изд. доп. и перераб
264 ## - PRODUCTION, PUBLICATION, DISTRIBUTION, MANUFACTURE, AND COPYRIGHT NOTICE
Place of production, publication, distribution, manufacture Москва :
Name of producer, publisher, distributor, manufacturer Проспект,
Date of production, publication, distribution, manufacture, or copyright notice 2007.
300 ## - PHYSICAL DESCRIPTION
Extent 360 стр.:
653 ## - INDEX TERM--UNCONTROLLED
keyword Таможенное право
653 ## - INDEX TERM--UNCONTROLLED
keyword საბაჟო სამართლი
942 ## - ADDED ENTRY ELEMENTS (KOHA)
Koha item type წიგნი
Source of classification or shelving scheme
ეგზემპლარები
Withdrawn status Lost status Source of classification or shelving scheme Damaged status Not for loan Permanent Location Current Location Shelving location Date acquired Cost, normal purchase price Full call number Barcode Date last seen Copy number Price effective from Koha item type Public note
          ბათუმის შოთა რუსთაველის სახელმწიფო უნივერსიტეტის მთავარი ბიბლიოთეკა ბათუმის შოთა რუსთაველის სახელმწიფო უნივერსიტეტის მთავარი ბიბლიოთეკა წიგნსაცავი 2018-12-17 15.00 339.543(075.8):34(075.8) Б-42 3933 2018-12-17 3933 2018-12-17 წიგნი 15.00